000 00977cab a2200313 4500
001 ABS58671
008 090401t1998 xxu||||| |||| 00| 0 eng d
035 _a(Sirsi) u86263
041 _aeng
100 _aJagemar, Lennart
245 _aGuidance from Goteborg
260 _c1998
350 _a0
490 _aBuilding Services Journal
_vApril 1998, 33-34(2)
520 _aCompares the energy efficiency performance of buildings in Sweden and the UK.
650 _aBUILT ENVIRONMENT-BUILDING ELEMENTS-COMPLETE BUILDING SERVICES ELEMENTS-COMPLETE HEATING, VENTILATION AND AIR CONDITIONING SYSTEMS
650 _aBlock management
_96220
650 _aENERGY EFFICIENCY
650 _aENERGY PERFORMANCE
650 _aHEATING
650 _aOFFICE DESIGN
650 _aSWEDEN
650 _aTHERMAL INSULATION
650 _aVENTILATION
690 _aBUILDING AND CONSTRUCTION-ENERGY MANAGEMENT
700 _aBordass, B.
942 _n0
948 _c19/05/1998
999 _c54265
_d54265